[Event "Santiago CALF op"]
[Site "Santiago de Chile"]
[Date "2004.05.01"]
[Round "2"]
[White "Cerna, Jose Miguel"]
[Black "Cabre, Carlos"]
[Result "1/2-1/2"]
[WhiteElo "2018"]
[BlackElo "1967"]
[PlyCount "31"]
[EventDate "2004.06.21"]
[EventType "swiss"]
[EventRounds "9"]
[EventCountry "CHI"]
[SourceTitle "EXT 2005"]
[Source "ChessBase"]
[SourceDate "2004.11.15"]
[SourceVersion "1"]
[SourceVersionDate "2004.11.15"]
[SourceQuality "1"]

1. e4 e5 2. Nf3 Nc6 3. Bb5 a6 4. Ba4 Nf6 5. Nc3 b5 6. Bb3 Bc5 7. d3 Na5 8. Nxe5 Nxb3 9. axb3 d6 10. Nf3 b4 11. Ne2 Bg4 12. Ng3 Qe7 13. 0-0 0-0 14. Bg5 h6 15. Bd2 Bb6 16. Bxb4 1/2-1/2